000 01134pam a2200337 i 4500
001 1524228
003 EG-ScBUE
005 20250806091516.0
008 900111t1990 gw a f b 001 0 eng d
020 _a0387521240 (U.S. : alk. paper)
020 _a3540521240
020 _a0387521240
040 _aEG-ScBUE
_beng
_erda
_cEG-ScBUE
_dEG-ScBUE
082 0 4 _a546.75
_222
_bNOB
245 0 0 _aNoble gas and high temperature chemistry /
_cwith contributions by D. Cremer [and four others]
264 1 _aBerlin :
_bSpringer-Verlag,
_c[1990]
264 4 _cc1990
300 _a262 pages :
_billustrations ;
_c25 cm.
336 _2rdacontent
_atext
_btxt
337 _aunmediated
_2rdamedia
_bn
338 _avolume
_bnc
_2rdacarrier
490 0 _aStructure and bonding ;
_v73
500 _aWith 38 figures and 43 tables.
504 _aIncludes bibliographical references and index.
650 7 _aGases, Rare.
_98451
_2BUEsh
650 7 _aHigh temperature chemistry.
_98452
_2BUEsh
650 7 _aCosmochemistry.
_98453
_2BUEsh
655 _vReading book
700 1 _aCremer, D.
_q(Dietes),
_d1944-
_98454
_eauthor.
942 _2ddc
_cBB
999 _c12587
_d12587